<?xml version="1.0" encoding="UTF-8"?>
<record
    xmlns:xsi="http://www.w3.org/2001/XMLSchema-instance"
    xsi:schemaLocation="http://www.loc.gov/MARC21/slim http://www.loc.gov/standards/marcxml/schema/MARC21slim.xsd"
    xmlns="http://www.loc.gov/MARC21/slim">

  <leader>00675nam a2200205Ia 4500</leader>
  <controlfield tag="008">120622s2013    M             000 0 esp d</controlfield>
  <datafield tag="020" ind1=" " ind2=" ">
    <subfield code="a">13-978-970-07-7509-8</subfield>
  </datafield>
  <datafield tag="050" ind1=" " ind2=" ">
    <subfield code="a">KGF2577.6 A74</subfield>
  </datafield>
  <datafield tag="082" ind1=" " ind2=" ">
    <subfield code="a">340.56 A679p 2007</subfield>
  </datafield>
  <datafield tag="100" ind1="1" ind2=" ">
    <subfield code="a">Arellano Garc&#xED;a, Carlos</subfield>
    <subfield code="d">1932 - 2011</subfield>
    <subfield code="e">autor</subfield>
    <subfield code="9">16244</subfield>
  </datafield>
  <datafield tag="245" ind1=" " ind2="1">
    <subfield code="a">Pr&#xE1;ctica Forense Civil y Familiar </subfield>
    <subfield code="c">/ Carlos Arellano Garc&#xED;a</subfield>
  </datafield>
  <datafield tag="250" ind1=" " ind2=" ">
    <subfield code="a">35a.ed.</subfield>
  </datafield>
  <datafield tag="260" ind1=" " ind2=" ">
    <subfield code="a">M&#xE9;xico</subfield>
    <subfield code="b"> : Porr&#xFA;a</subfield>
    <subfield code="c">2013</subfield>
  </datafield>
  <datafield tag="300" ind1=" " ind2=" ">
    <subfield code="a">LXIV, 893 p&#xE1;ginas</subfield>
  </datafield>
  <datafield tag="500" ind1=" " ind2=" ">
    <subfield code="a">contiene ap&#xE9;ndice e &#xED;ndice</subfield>
  </datafield>
  <datafield tag="650" ind1=" " ind2="0">
    <subfield code="a">DERECHO CIVIL</subfield>
    <subfield code="x">CIUDAD DE M&#xC9;XICO</subfield>
    <subfield code="9">16245</subfield>
  </datafield>
  <datafield tag="650" ind1=" " ind2="1">
    <subfield code="a">2. DERECHO DE FAMILIA</subfield>
    <subfield code="9">16246</subfield>
  </datafield>
  <datafield tag="650" ind1=" " ind2="1">
    <subfield code="a">3. FORMULARIOS LEGALES&#xCC;</subfield>
    <subfield code="9">16247</subfield>
  </datafield>
  <datafield tag="942" ind1=" " ind2=" ">
    <subfield code="2">lcc</subfield>
    <subfield code="c">LB</subfield>
  </datafield>
  <datafield tag="952" ind1=" " ind2=" ">
    <subfield code="0">0</subfield>
    <subfield code="1">0</subfield>
    <subfield code="4">0</subfield>
    <subfield code="7">0</subfield>
    <subfield code="a">22</subfield>
    <subfield code="b">22</subfield>
    <subfield code="d">2016-02-09</subfield>
    <subfield code="l">15</subfield>
    <subfield code="m">4</subfield>
    <subfield code="o">KGF2577.6 A74</subfield>
    <subfield code="p">22 001268</subfield>
    <subfield code="r">2019-11-19</subfield>
    <subfield code="s">2019-11-16</subfield>
    <subfield code="t">1</subfield>
    <subfield code="w">2016-02-09</subfield>
    <subfield code="y">LB</subfield>
  </datafield>
  <datafield tag="999" ind1=" " ind2=" ">
    <subfield code="c">98834</subfield>
    <subfield code="d">98834</subfield>
  </datafield>
</record>
